[Event "EUCup Gr3"]
[Site "Lubniewice"]
[Date "1994.??.??"]
[Round "1"]
[White "Krasenkow, Michal"]
[Black "Lauk, Ular"]
[Result "1-0"]
[WhiteElo "2595"]
[BlackElo "2395"]

1.Nf3 Nf6 2.c4 d6 3.d4 Bg4 4.Nc3 Nbd7 5.g3 c6 6.Bg2 e5 7.O-O Be7 8.h3 Bh5
9.Nh4 Bg6 10.e3 O-O 11.f4 Nh5 12.Nxg6 hxg6 13.g4 Nhf6 14.b3 exf4 15.exf4 d5
16.g5 Bb4 17.Qf3 Bxc3 18.Qxc3 Ne4 19.Bxe4 dxe4 20.f5 Qe7 21.f6 Qe6 22.fxg7 Kxg7
23.Bb2 f6 24.gxf6+ Kf7 25.d5 cxd5 26.cxd5 Qb6+ 27.Kh1 Rac8 28.Qg3 Rh8 29.Rac1 Qb5
30.Rg1 Rcg8 31.Qg4  1-0

[Event "Metz op"]
[Site "Metz"]
[Date "1994.??.??"]
[Round "1"]
[White "Krasenkow, Michal"]
[Black "Mueller, Ha"]
[Result "1-0"]
[WhiteElo "2565"]
[BlackElo "2270"]

1.d4 Nf6 2.c4 c5 3.d5 b5 4.cxb5 a6 5.f3 axb5 6.e4 e6 7.Bxb5 Ba6 8.Bxa6 Nxa6
9.Nc3 c4 10.dxe6 dxe6 11.Qa4+ Qd7 12.Qxc4 Nb4 13.Qe2 Bc5 14.Nh3 Nd3+ 15.Kf1 O-O
16.Bg5 Ne5 17.g3 Qb7 18.Kg2 Rfb8 19.Rab1 Bd4 20.Bxf6 gxf6 21.Nf4 Bxc3 22.bxc3 Qxb1
23.Rxb1 Rxb1 24.Nh5 Rab8 25.Kh3 Kf8 26.Nxf6 R1b2 27.Qe3 Ke7 28.Nh5 Nd7 29.e5 h6
30.Qd4 R8b5 31.Qh4+ f6 32.f4 Rxa2 33.Nxf6 Rbb2 34.Nd5+ Kf7 35.Qe7+ Kg8 36.Qxe6+ Kf8
37.Qxd7 Rxh2+ 38.Kg4  1-0

[Event "Metz op"]
[Site "Metz"]
[Date "1994.??.??"]
[Round "5"]
[White "Mueller, E."]
[Black "Krasenkow, Michal"]
[Result "0-1"]
[WhiteElo "2270"]
[BlackElo "2565"]

1.e4 g6 2.Nc3 Bg7 3.g3 c5 4.d3 Nc6 5.Bg2 d6 6.Be3 e5 7.Qd2 Rb8 8.Nge2 b5
9.Nd5 Be6 10.c4 bxc4 11.dxc4 Bxd5 12.cxd5 Nd4 13.O-O Ne7 14.Rab1 Qb6 15.Qd3 O-O
16.b3 a5 17.Nc3 f5 18.Na4 Qc7 19.f3 f4 20.Bf2 g5 21.Bh3 fxg3 22.Bxg3 Ng6
23.Be6+ Kh8 24.Nb2 h5 25.Qd2 Qe7 26.Nc4 Nxf3+ 27.Rxf3 Rxf3 28.Nxa5 Rbf8 29.Qe2 Qf6
30.Rb2 g4  0-1

[Event "Pardubice op"]
[Site "Pardubice"]
[Date "1994.??.??"]
[Round "1"]
[White "Ljubarskij, Jurij"]
[Black "Krasenkow, Michal"]
[Result "0-1"]
[WhiteElo "2295"]
[BlackElo "2595"]

1.e4 c5 2.Nc3 Nc6 3.f4 g6 4.Nf3 Bg7 5.Bb5 Nd4 6.Nxd4 cxd4 7.Ne2 Qb6 8.a4 Nh6
9.d3 O-O 10.O-O d6 11.Qe1 f5 12.Qb4 fxe4 13.Bc4+ Kh8 14.Qxb6 axb6 15.dxe4 Bd7
16.Bb3 Bc6 17.Ng3 Ng4 18.Bd2 Ne3 19.Bxe3 dxe3 20.c3 Bh6 21.f5 Ra5 22.Bc2 Rfa8
23.b3 b5 24.Rab1 bxa4 25.bxa4 Bg7 26.Ne2 Bxa4 27.Bxa4 Rxa4 28.Rxb7 Rxe4 29.fxg6 hxg6
30.Rfb1 Kg8 31.g3 Re5 32.Nf4 Kf7 33.Kf1 g5 34.Nd3 Re6 35.R7b3 Ra2 36.Nb2 e2+
37.Ke1 Re3 38.Rc1 d5 39.Kd2 e1=Q+ 40.Rxe1 Rxe1 41.Kxe1 Rxb2 42.Rxb2 Bxc3+
43.Rd2 g4  0-1

[Event "Pardubice op"]
[Site "Pardubice"]
[Date "1994.??.??"]
[Round "4"]
[White "Krasenkow, Michal"]
[Black "Bus, Mariusz"]
[Result "1-0"]
[WhiteElo "2595"]
[BlackElo "2385"]

1.d4 d5 2.c4 dxc4 3.Nf3 c5 4.Nc3 cxd4 5.Qxd4 Qxd4 6.Nxd4 Bd7 7.Ndb5 Kd8 8.Be3 Nc6
9.O-O-O Nf6 10.g4 e6 11.Bh3 h6 12.Nd6 Bxd6 13.Rxd6 Kc8 14.Rhd1 Rd8 15.g5 hxg5
16.Bxg5 Kc7 17.Nb5+ Kb6 18.Bxf6 gxf6 19.Rxd7 Rxd7 20.Rxd7 Ne5 21.Re7 Kxb5
22.f4 Rh8 23.fxe5 Rxh3 24.exf6 Rxh2 25.Kd2 Kc6 26.Rxf7 e5 27.Re7 Rf2 28.f7 a6
29.Kc3 b5 30.Kb4 Kb6 31.a4 a5+ 32.Kc3 bxa4 33.Kxc4 Kc6 34.Kd3 Kd6 35.Ra7 a3
36.bxa3 Ke6 37.Kc4 Rf4+ 38.Kb5 a4 39.e4 Kd6 40.Rxa4 Ke7 41.Kc5  1-0

[Event "Pardubice op"]
[Site "Pardubice"]
[Date "1994.??.??"]
[Round "5"]
[White "Murdzia, Piotr"]
[Black "Krasenkow, Michal"]
[Result "0-1"]
[WhiteElo "2430"]
[BlackElo "2595"]

1.Nf3 d5 2.d4 c6 3.e3 Nf6 4.c4 Bg4 5.Nc3 e6 6.h3 Bxf3 7.Qxf3 Nbd7 8.Bd3 Bd6
9.O-O O-O 10.e4 dxc4 11.Bxc4 e5 12.d5 Nb6 13.Bb3 Nfd7 14.a3 c5 15.Qg4 Kh8
16.Bg5 f6 17.Bd2 c4 18.Bc2 Bc5 19.h4 Bd4 20.h5 Nc8 21.g3 Nd6 22.Rab1 b5 23.Ne2 a5
24.Kg2 Bc5 25.f4 f5 26.exf5 Nf6 27.Qg5 Nf7  0-1

[Event "Pardubice op"]
[Site "Pardubice"]
[Date "1994.??.??"]
[Round "8"]
[White "Krasenkow, Michal"]
[Black "Vokac, Marek"]
[Result "1-0"]
[WhiteElo "2595"]
[BlackElo "2450"]

1.d4 g6 2.e4 Bg7 3.Nf3 d6 4.Nc3 a6 5.Be3 b5 6.Qd2 Bb7 7.Bd3 Nd7 8.a4 b4 9.Ne2 Ngf6
10.Ng3 c5 11.dxc5 Nxc5 12.Qxb4 Rb8 13.Bxc5 dxc5 14.Qxc5 Nd7 15.Qa3 Bc6 16.c3 h5
17.O-O h4 18.Ne2 e5 19.Bxa6 Ra8 20.Bc4 Rxa4 21.Bxf7+ Kxf7 22.Qb3+ Kf6 23.Rxa4 Nc5
24.Qc4 Bxa4 25.Qxc5 Re8 26.Nxh4 Bf8 27.Qe3 Bb5 28.Nf3 Kg7 29.Ra1 Re6 30.h4 Be7
31.h5 Qf8 32.Ng3 Bc5 33.Qg5 Kh7 34.hxg6+ Rxg6 35.Qh5+ Kg7 36.Qxe5+ Kg8 37.b4  1-0

[Event "St Petersburg op"]
[Site "St Petersburg"]
[Date "1994.??.??"]
[Round "2"]
[White "Bezgodov, Alexei"]
[Black "Krasenkow, Michal"]
[Result "0-1"]
[WhiteElo "2425"]
[BlackElo "2565"]

1.e4 g6 2.Nc3 Bg7 3.h4 h5 4.d4 c6 5.Be2 d5 6.e5 Nh6 7.Bf4 Nd7 8.Bd3 Nf8 9.Nce2 Qb6
10.Bc1 Bg4 11.c3 Ne6 12.Bxh6 Bxh6 13.f3 Bf5 14.Bxf5 gxf5 15.Qc2 Rg8 16.Kf1 Be3
17.Rb1 Qa6 18.Nh3 Rg6 19.Rd1 f4 20.a3 O-O-O 21.Qd3 Qc4 22.Rh2 Qxd3 23.Rxd3 f6
24.exf6 Rxf6 25.g3 Rg8 26.gxf4 Bxf4 27.Nexf4 Nxf4 28.Nxf4 Rxf4 29.Re3 Kd7
30.Kf2 Rf5 31.Rh1 Rg7 32.b3 Kd6 33.Rhe1 Rf4 34.Rh1 Rgf7 35.Kg3 c5 36.Rd1 cxd4
37.cxd4 R4f5 38.Rd2 Rg7+ 39.Kh3 Rf6 40.Rd1 Rfg6 41.Rd2 Rg1 42.Kh2 Rf1 43.Rde2 Rd1
44.Re6+ Kd7 45.R6e5 Rxd4 46.Rxh5 Rd3 47.f4 Rf7 48.Rhe5 Rxb3 49.Rxd5+ Kc6
50.Ra5 Rxf4 51.h5 Kb6 52.Rg5 a6 53.Rxe7 Ka7 54.Kg2 Rh4 55.Ra5 Rc4 56.Re2 b5
57.h6 Kb6  0-1

[Event "St Petersburg op"]
[Site "St Petersburg"]
[Date "1994.??.??"]
[Round "3"]
[White "Krasenkow, Michal"]
[Black "Novik, Maxim"]
[Result "1/2-1/2"]
[WhiteElo "2565"]
[BlackElo "2480"]

1.Nf3 Nf6 2.c4 g6 3.d4 Bg7 4.g3 O-O 5.Bg2 d6 6.O-O Nbd7 7.Nc3 e5 8.e3 Re8
9.Rb1 c6 10.b4 Nb6 11.c5 Nbd5 12.Nxd5 Nxd5 13.Rb3 exd4 14.exd4 a5 15.a3 axb4
16.axb4 Bf5 17.Bb2 Nc7 18.d5 Nxd5 19.Bxg7 Kxg7 20.Nd4 Be6 21.Nxe6+ Rxe6  1/2-1/2

[Event "St Petersburg op"]
[Site "St Petersburg"]
[Date "1994.??.??"]
[Round "4"]
[White "Starosek, Konstantin"]
[Black "Krasenkow, Michal"]
[Result "1-0"]
[WhiteElo "2465"]
[BlackElo "2565"]

1.Nf3 g6 2.g3 Bg7 3.d4 Nf6 4.Bg2 O-O 5.O-O c6 6.h3 d5 7.Be3 a5 8.Qc1 Qb6
9.c4 Qa6 10.Nbd2 a4 11.Ne5 Nbd7 12.f4 dxc4 13.Ndxc4 Nd5 14.Bf2 Nxe5 15.dxe5 Be6
16.b3 f6 17.e4 Nb4 18.exf6 Bxf6 19.e5 Bg7 20.Nb2 a3 21.Na4 Qe2 22.Qxa3 Nd5
23.Qc1 g5 24.Nc5 Bc8 25.Re1 Qh5 26.g4 Qf7 27.f5 Nf4 28.Bf1 Bxf5 29.gxf5 Qxf5
30.Qe3 Rad8 31.Rad1 Rxd1 32.Rxd1 g4 33.Bg3 Bh6 34.Bxf4 Bxf4 35.Qe4 gxh3 36.Qxf5 Rxf5
37.Rd8+ Kf7 38.Bc4+  1-0

[Event "St Petersburg op"]
[Site "St Petersburg"]
[Date "1994.??.??"]
[Round "5"]
[White "Krasenkow, Michal"]
[Black "Zakharevich, Igor"]
[Result "1-0"]
[WhiteElo "2565"]
[BlackElo "2395"]

1.d4 Nf6 2.c4 g6 3.Nc3 Bg7 4.e4 d6 5.Nf3 O-O 6.h3 e5 7.d5 a5 8.Bg5 Na6 9.Nd2 Qe8
10.Be2 Nd7 11.a3 f6 12.Bh4 Bh6 13.b4 Bg5 14.Bxg5 fxg5 15.c5 dxc5 16.bxa5 Nf6
17.Nc4 Nh5 18.g3 Nf6 19.Qd2 g4 20.hxg4 Bxg4 21.f3 Bd7 22.Rb1 Rb8 23.Qg5 Qe7
24.Nxe5 Be8 25.Bxa6  1-0

[Event "St Petersburg op"]
[Site "St Petersburg"]
[Date "1994.??.??"]
[Round "8"]
[White "Vasiukov, Evgeni"]
[Black "Krasenkow, Michal"]
[Result "0-1"]
[WhiteElo "2505"]
[BlackElo "2565"]

1.e4 c5 2.Nf3 e6 3.d3 d5 4.Nbd2 Nc6 5.g3 Bd6 6.Bg2 Nge7 7.O-O O-O 8.Nh4 Bd7
9.f4 f5 10.c4 b5 11.cxd5 exd5 12.exf5 Nb4 13.Ndf3 c4 14.dxc4 Bc5+ 15.Kh1 dxc4
16.Ng5 Nxf5 17.Bd2 Nxh4 18.Bxb4 Bxb4 19.Qd5+ Kh8 20.gxh4 Qe7 21.a3 Ba5 22.Nf7+ Qxf7
23.Qxf7 Rxf7 24.Bxa8 Bf5 25.Rf3 Rf8 26.Bc6 a6 27.Re3 Bb6 28.Re7 Bc5 29.Rb7 Bd4
30.Re1 h5 31.Rbe7 Bxb2 32.Re8 Rxe8 33.Rxe8+ Kh7 34.Be4 Bxe4+ 35.Rxe4 c3  0-1

[Event "Rilton Cup9495"]
[Site "Stockholm"]
[Date "1994.??.??"]
[Round "2"]
[White "Lenneman, Ulf"]
[Black "Krasenkow, Michal"]
[Result "0-1"]
[WhiteElo "2105"]
[BlackElo "2575"]

1.d4 d5 2.Nf3 c6 3.e3 Bg4 4.Be2 Nd7 5.Nbd2 Ngf6 6.b3 e6 7.Bb2 a5 8.c4 a4
9.bxa4 Qa5 10.O-O Qxa4 11.cxd5 exd5 12.Qb1 Bb4 13.Bd3 O-O 14.Nb3 Bxf3 15.gxf3 Qa7
16.e4 g6 17.Kh1 Nh5 18.a3 Be7 19.Qc1 Qb8 20.e5 Qc8 21.Bf5 Ng7 22.Bd3 Nb6
23.Nc5 Qh3 24.Qf4 Bxc5 25.dxc5 Na4 26.Rfb1 Ne6 27.Qf6 Nxb2 28.Rxb2 Nxc5 29.Bf1 Qh5
30.Rc1 Nd7 31.Qf4 Rxa3 32.Be2 Qxe5 33.Qxe5 Nxe5 34.f4 Nd3 35.Bxd3 Rxd3 36.Rxb7 Rf3
37.Kg2 Rxf4 38.Rxc6 Re8 39.Rc2 Re5 40.Kg3 Rd4 41.Rc8+ Kg7 42.Rbb8 Rg5+ 43.Kf3 Rf5+
44.Kg3 Rd3+ 45.Kg2 Rd2 46.Rg8+ Kh6  0-1

[Event "Rilton Cup9495"]
[Site "Stockholm"]
[Date "1994.??.??"]
[Round "3"]
[White "Krasenkow, Michal"]
[Black "Couso, Luis"]
[Result "1-0"]
[WhiteElo "2575"]
[BlackElo "2335"]

1.d4 Nf6 2.c4 g6 3.Nc3 Bg7 4.e4 d6 5.Nf3 O-O 6.h3 e5 7.d5 a5 8.Bg5 Na6 9.Nd2 h6
10.Be3 Nc5 11.Be2 Bd7 12.b3 Nh7 13.h4 h5 14.a3 Qe8 15.Nb5 Qb8 16.b4 axb4
17.axb4 Rxa1 18.Qxa1 Na6 19.Qa3 Qe8 20.Nc3 f5 21.f3 Nf6 22.c5 dxc5 23.bxc5 Rf7
24.Bxa6 Qa8 25.c6 Bc8 26.Nc4 Qxa6 27.Qxa6 bxa6 28.Kd2 fxe4 29.fxe4 a5 30.Nxa5 Ng4
31.Nb7 Nxe3 32.Kxe3 Bf8 33.Ra1 Bg4 34.Ra8 Kh7 35.Kd3 Be7 36.d6 cxd6 37.Nd5 Bxh4
38.Nxd6 Rf1 39.c7 Re1 40.Nf5  1-0

[Event "Rilton Cup9495"]
[Site "Stockholm"]
[Date "1994.??.??"]
[Round "4"]
[White "Engqvist, Thomas"]
[Black "Krasenkow, Michal"]
[Result "0-1"]
[WhiteElo "2415"]
[BlackElo "2575"]

1.d4 g6 2.c4 Bg7 3.e4 d6 4.Nc3 Nc6 5.d5 Nd4 6.Be3 c5 7.Nge2 e5 8.dxe6 Nxe6
9.Qd2 Nf6 10.h3 O-O 11.g3 b5 12.cxb5 a6 13.Bg2 Bb7 14.bxa6 Rxa6 15.O-O Qa8
16.Qc2 Re8 17.Rfd1 Nc7 18.f3 d5 19.Bxc5 dxe4 20.f4 e3 21.Bxb7 Qxb7 22.Bd4 Ra5
23.Be5 Ne6 24.Rf1 Qc8 25.Kh2 Nd5 26.Bxg7 Nxg7 27.a3 Nf6 28.Ng1 e2 29.Rfe1 Rh5
30.Rxe2 Ng4+ 31.Kg2 Ne3+ 32.Rxe3 Rxe3 33.Rc1 Nf5 34.Kf2 Rxg3 35.Ne4 Rg2+
36.Kxg2 Ne3+ 37.Kf3 Nxc2 38.Nf6+ Kf8 39.Nxh5 Nd4+  0-1

[Event "Rilton Cup9495"]
[Site "Stockholm"]
[Date "1994.??.??"]
[Round "7"]
[White "Krasenkow, Michal"]
[Black "Gleizerov, Evgeny"]
[Result "1/2-1/2"]
[WhiteElo "2575"]
[BlackElo "2545"]

1.Nf3 d5 2.d4 Bf5 3.c4 e6 4.Nc3 c6 5.Qb3 Qc8 6.cxd5 exd5 7.Bf4 Nf6 8.Rc1 Na6
9.e4 dxe4 10.Ng5 Bg6 11.Bc4 Qd7 12.O-O h6 13.Ngxe4 Nxe4 14.Nxe4 Be7 15.Nc5 Nxc5
16.dxc5 O-O 17.Rcd1 Qf5 18.Bd6 Bxd6 19.cxd6 Qd7 20.Rfe1 Rfe8 21.Qg3 Rxe1+
22.Rxe1 Re8 23.Rxe8+ Qxe8 24.h3 Bf5 25.Qa3 a6 26.Qa5 Qd7 27.Qe5 Kf8 28.a4 Be6
29.Be2 Qd8 30.a5 Qg5 31.d7 Bxd7 32.Qb8+ Ke7 33.Qxb7 Qxa5 34.Qxa6 Qxa6 35.Bxa6 Kd6
36.Kf1  1/2-1/2

[Event "Rilton Cup9495"]
[Site "Stockholm"]
[Date "1994.??.??"]
[Round "8"]
[White "Ornstein, Axel"]
[Black "Krasenkow, Michal"]
[Result "1/2-1/2"]
[WhiteElo "2440"]
[BlackElo "2575"]

1.Nf3 d6 2.d4 g6 3.e4 Bg7 4.Bg5 Nf6 5.Nbd2 O-O 6.c3 h6 7.Bh4 Nc6 8.Be2 Qe8
9.O-O Nh5 10.Re1 Nf4 11.Bf1 e5 12.dxe5 Nxe5 13.Nxe5 dxe5 14.Qb3 a6 15.a4 Qc6
16.Bc4 Be6 17.Bxe6 Nxe6 18.a5 Qb5 19.f3 Nf4 20.Qxb5 axb5 21.Red1 g5 22.Bf2 Rfd8
23.Nb3 Bf8 24.g3 Nh3+ 25.Kg2 Nxf2 26.Kxf2 c5 27.Rxd8 Rxd8 28.Ke2 c4 29.Nd2 Rd6
30.Rd1 f6 31.Nf1 Rxd1 32.Kxd1 Be7 33.Ne3 Kf7 34.Kc2 h5 35.b4 cxb3+ 36.Kxb3 Bc5
37.Nf5 Kg6 38.h4 Kf7 39.c4  1/2-1/2

[Event "Aalborg"]
[Site "Aalborg"]
[Date "1995.??.??"]
[Round "1"]
[White "Pedersen, Steffen"]
[Black "Krasenkow, Michal"]
[Result "0-1"]
[WhiteElo "2405"]
[BlackElo "2590"]

1.e4 g6 2.d4 Bg7 3.c3 d6 4.Nf3 Nf6 5.Bd3 O-O 6.O-O Nc6 7.h3 Re8 8.d5 Nb8
9.c4 c6 10.Nc3 Na6 11.Re1 e6 12.dxe6 Bxe6 13.Bf1 Nc5 14.Bf4 d5 15.exd5 cxd5
16.Nb5 Nh5 17.Bc7 Qc8 18.cxd5 Bd7 19.Be5 Qd8 20.Bxg7 Nxg7 21.Rxe8+ Nxe8 22.Nc3 Qb6
23.Qd4 Qxb2 24.Rb1 Qa3 25.Ne5 Nd6 26.Bb5 Bf5 27.Rd1 Rc8 28.g4 Nce4 29.Nxe4 Bxe4
30.Bf1 Qc3 31.Nd7 Qxd4 32.Rxd4 Kg7 33.Ne5 Kf6 34.Nd7+ Ke7 35.Ne5 Rc3 36.Bg2 Rc1+
37.Kh2 Re1 38.Nc4 Bxg2 39.Kxg2 Re4 40.Rxe4+ Nxe4 41.Kf3 Nc3 42.d6+ Ke6 43.Na5 b5
44.Nc6 Kxd6 45.Nxa7 b4 46.Ke3 Kc7 47.Kd3 Kb7 48.Kc4 Kxa7 49.Kxb4 Ne4  0-1

[Event "Aalborg"]
[Site "Aalborg"]
[Date "1995.??.??"]
[Round "3"]
[White "Krasenkow, Michal"]
[Black "Kristiansen, Jens"]
[Result "1-0"]
[WhiteElo "2590"]
[BlackElo "2455"]

1.d4 Nf6 2.c4 e6 3.Nf3 Bb4+ 4.Nbd2 b6 5.a3 Bxd2+ 6.Bxd2 Bb7 7.Bg5 O-O 8.e3 d6
9.Qc2 Nbd7 10.Rd1 Qe8 11.Bd3 h6 12.Bh4 e5 13.dxe5 dxe5 14.Bf5 g6 15.Bh3 Kg7
16.O-O Rd8 17.Bg3 Qe7 18.b4 Rfe8 19.Qb2 Ra8 20.Rd2 Bxf3 21.gxf3 Nf8 22.Rfd1 a5
23.f4 exf4 24.Bxf4 axb4 25.axb4 Kh7 26.Bg2 Ne4 27.Rd5 f5 28.Qe5 c6 29.Qxe7+ Rxe7
30.Re5 Rxe5 31.Bxe5 Ra4 32.Bxe4 fxe4 33.Rd8  1-0

[Event "Aalborg"]
[Site "Aalborg"]
[Date "1995.??.??"]
[Round "6"]
[White "Jakobsen, Lars Veno"]
[Black "Krasenkow, Michal"]
[Result "0-1"]
[WhiteElo "2310"]
[BlackElo "2590"]

1.d4 g6 2.c4 Bg7 3.e4 d6 4.Nc3 Nc6 5.Be3 e5 6.Nge2 exd4 7.Nxd4 Nge7 8.Be2 O-O
9.h4 f5 10.Qd2 Nxd4 11.Bxd4 Bxd4 12.Qxd4 Nc6 13.Qd5+ Kh8 14.O-O-O fxe4 15.Nxe4 Bf5
16.Nc3 Qe7 17.Qd2 Rae8 18.Rde1 Qg7 19.g4 Be6 20.f4 Qd4 21.h5 gxh5 22.Rxh5 Bxg4
23.Rh4 Rxf4 24.Reh1 Qxd2+ 25.Kxd2 Rd4+ 26.Bd3 Bf5 27.Rxd4 Nxd4 28.Nd5 c6
29.Bxf5 Nxf5 30.Rxh7+ Kxh7 31.Nf6+ Kg6 32.Nxe8 Kf7  0-1

[Event "Aalborg"]
[Site "Aalborg"]
[Date "1995.??.??"]
[Round "9"]
[White "Krasenkow, Michal"]
[Black "Lyrberg, Patrik"]
[Result "0-1"]
[WhiteElo "2590"]
[BlackElo "2400"]

1.e4 e6 2.d4 d5 3.Nc3 dxe4 4.Nxe4 Bd7 5.Nf3 Bc6 6.Bd3 Nd7 7.O-O Ngf6 8.Ng3 Be7
9.c4 Bxf3 10.Qxf3 c6 11.b3 O-O 12.Bb2 Re8 13.h4 Qa5 14.a3 Rad8 15.Rfe1 Qb6
16.Re3 Nf8 17.Rae1 Rd7 18.b4 a5 19.d5 cxd5 20.c5 Qc6 21.Qe2 axb4 22.axb4 d4
23.Rf3 Qa4 24.Ba3 Qa8 25.Bb5 Rd5 26.Bxe8 Qxe8 27.Rc1 N8d7 28.Bb2 e5 29.Ra3 Nf8
30.Nf5 g6 31.Ra8 Qd7 32.Nxe7+ Qxe7 33.b5 d3 34.Qf3 Kg7 35.c6 d2 36.Rd1 bxc6
37.bxc6 Ne6 38.Ba3 Qc7 39.Qc3 Ne4 40.Qc4 Rd4 41.Qa6 Nc3 42.Rxd2 Rxd2 43.Rc8 Ne2+
44.Kh2 Rd4 45.g3 Ra4 46.Qb7 Qa5 47.c7 Rc4 48.Bd6 Qa1 49.Qg2 e4 50.Re8 Qc3
51.Qf1 N2d4 52.Qxc4 Qxc4 53.c8=Q Qf1 54.Be5+ Kh6 55.Bxd4 Nxd4 56.g4 Qxf2+
57.Kh3 Qf3+ 58.Kh2 Qf2+ 59.Kh3 Qf1+ 60.Kh2 Ne2 61.Qc5 Qf4+ 62.Kg2 Qf3+  0-1

[Event "Dhaka"]
[Site "Dhaka"]
[Date "1995.??.??"]
[Round "3"]
[White "Krasenkow, Michal"]
[Black "Rahman, Ziaur"]
[Result "1-0"]
[WhiteElo "2575"]
[BlackElo "2445"]

1.Nf3 d5 2.d4 c6 3.c4 e6 4.e3 Nf6 5.Bd3 Nbd7 6.O-O dxc4 7.Bxc4 Be7 8.Nc3 b5
9.Bd3 b4 10.Na4 Bb7 11.e4 Rc8 12.Qe2 c5 13.dxc5 O-O 14.b3 Bxc5 15.Bb2 Be7
16.Nd2 Qc7 17.Rac1 Qf4 18.g3 Qb8 19.Ba6 Nb6 20.Nxb6 axb6 21.Bd3 Qa8 22.Bb1 Rfd8
23.Rxc8 Rxc8 24.Nc4 Ba6 25.Rc1 Nd7 26.Qd2 Rd8 27.Qf4 Bxc4 28.Rxc4 e5 29.Qf3 Bc5
30.Kg2 Qb8 31.Bc1 Nf8 32.Be3 Ne6 33.h4 Qd6 34.Rc1 h6 35.Rf1 Nd4 36.Bxd4 Qxd4
37.Bc2 Qb2 38.Bd3 Qxa2 39.Bc4 Qa7 40.Rd1 Bd4 41.Rd2 Rd6 42.Ra2 Qe7 43.Ra8+ Kh7
44.Qf5+ g6 45.Qc8  1-0

[Event "Dhaka"]
[Site "Dhaka"]
[Date "1995.??.??"]
[Round "4"]
[White "Conquest, Stuart"]
[Black "Krasenkow, Michal"]
[Result "1/2-1/2"]
[WhiteElo "2520"]
[BlackElo "2575"]

1.Nf3 Nf6 2.g3 b5 3.Bg2 Bb7 4.O-O e6 5.d3 d6 6.e4 Nbd7 7.Nc3 b4 8.Ne2 c5
9.h3 Be7 10.g4 h6 11.a3 a5 12.Ng3 Qc7 13.Qe2 Ne5 14.Nxe5 dxe5 15.f4 Nd7 16.f5 g6
17.fxe6 fxe6 18.Be3 bxa3 19.b3 Nb8 20.Rxa3 Nc6 21.Ra4 Nd4 22.Qd2 Bc6 23.Ra2 h5
24.gxh5 gxh5 25.Kh2 h4 26.Nh1 Kd7 27.Nf2 Raf8 28.Rxa5 Nxc2 29.Bxc5 Bxc5 30.Rxc5 Nd4
31.Qg5 Rhg8 32.Qxh4 Kd6 33.Rfc1 Qf7 34.Ng4 Qf4+ 35.Qg3 Rxg4 36.hxg4 Rh8+
37.Bh3 Nf3+ 38.Kg2 Nh4+  1/2-1/2

[Event "Dhaka"]
[Site "Dhaka"]
[Date "1995.??.??"]
[Round "6"]
[White "Koshy, Varugeese"]
[Black "Krasenkow, Michal"]
[Result "0-1"]
[WhiteElo "2405"]
[BlackElo "2575"]

1.c4 Nf6 2.g3 g6 3.Bg2 d5 4.cxd5 Nxd5 5.Nc3 Nb6 6.d3 Bg7 7.Be3 O-O 8.Qd2 Re8
9.Bh6 Bh8 10.h4 c6 11.h5 Nd5 12.hxg6 hxg6 13.Nf3 Nd7 14.Ng5 N7f6 15.Bf3 Bg4
16.Rh4 Bxf3 17.Nxf3 Nxc3 18.bxc3 Qa5 19.Rc1 Rad8 20.Kf1 Rd5 21.Kg2 Rh5 22.Rxh5 Nxh5
23.c4 Qxd2 24.Bxd2 e5 25.Be3 b6 26.Nd2 f5 27.f3 Bf6 28.Rb1 Bd8 29.a4 Nf6
30.Bg5 Kf7 31.Bxf6 Kxf6 32.Kf2 Rh8 33.Kg2 Be7 34.Nb3 Ke6 35.Ra1 Rb8 36.Rh1 b5
37.axb5 cxb5 38.c5 a5 39.Nxa5 Bxc5 40.e4 Ra8 41.Nb3 Ra2+ 42.Kh3 Be3 43.Re1 f4
44.gxf4 Bxf4 45.Rb1 g5 46.Kg4 Kf6 47.Rh1 Kg6 48.Kh3 Rc2 49.d4 Rf2 50.Nc5 exd4  0-1

[Event "Dhaka"]
[Site "Dhaka"]
[Date "1995.??.??"]
[Round "10"]
[White "Sevillano, Enrico"]
[Black "Krasenkow, Michal"]
[Result "0-1"]
[WhiteElo "2440"]
[BlackElo "2575"]

1.e4 e5 2.Nf3 Nc6 3.d4 exd4 4.Nxd4 Nf6 5.Nxc6 bxc6 6.Bd3 d5 7.exd5 cxd5 8.O-O Be7
9.Nc3 O-O 10.Bg5 Be6 11.Qf3 h6 12.Bxf6 Bxf6 13.Na4 Rb8 14.Rab1 Qd6 15.b3 c5
16.Rbd1 Rb4 17.Bc4 Qe5 18.Rfe1 Qg5 19.Be2 Rf4 20.Qg3 Bd4 21.Bf3 Qf6 22.c3 Be5
23.Nxc5 Re4 24.Nxe6 Bxg3 25.Nxf8 Rxe1+ 26.Rxe1 Qxc3 27.Rd1 Bd6 28.Nd7 d4
29.Be4 Kh8 30.b4 Qxb4 31.Rc1 g6 32.Nf6 Bxh2+ 33.Kh1 Bd6 34.Rc8+ Bf8 35.Nd7 Qe1+
36.Kh2 Kg7 37.Rxf8 Qxf2 38.Bd5 Qh4+ 39.Kg1 Qe1+ 40.Kh2 Qh4+ 41.Kg1 Qe1+ 42.Kh2 h5
43.Rxf7+ Kh6 44.Rf3 Qe2 45.Bb3 d3 46.Kg1 d2 47.Rf1 a5 48.Nf6 Qe3+ 49.Kh1 Qd4
50.Ng8+ Kg5 51.Nf6 a4 52.Bd1 Kh6 53.a3 Qc4 54.Kg1 Qc5+ 55.Rf2 Qc1 56.Rf1 Qxa3
57.Kf2 Qc5+ 58.Kf3 a3 59.g4 a2  0-1

[Event "RUS-ch"]
[Site "Elista"]
[Date "1995.??.??"]
[Round "1"]
[White "Yemelin, Vasily"]
[Black "Krasenkow, Michal"]
[Result "0-1"]
[WhiteElo "2500"]
[BlackElo "2590"]

1.e4 c5 2.Nf3 Nc6 3.d4 cxd4 4.Nxd4 Nf6 5.Nc3 e5 6.Ndb5 d6 7.Bg5 a6 8.Na3 b5
9.Nd5 Be7 10.Nxe7 Nxe7 11.Bd3 Bb7 12.Qe2 Nd7 13.b4 f6 14.Bd2 O-O 15.c4 f5
16.cxb5 fxe4 17.Bxe4 d5 18.Bc2 Nf5 19.O-O Nd4 20.Qd3 Nxc2 21.Nxc2 axb5 22.Qxb5 Nb6
23.Bg5 Qd6 24.Be7 Qxe7 25.Qxb6 d4 26.f3 Rfc8 27.Rf2 Qd7 28.b5 Rc4 29.Rd2 Rf8
30.Re1 Rf6 31.Qa7 Qc7 32.Na3 Rc1 33.Rdd1 Rxd1 34.Rxd1 Rg6 35.Qa4 Qc3 36.Qc4+ Qxc4
37.Nxc4 Bxf3 38.Rd2 e4 39.Kf1 e3 40.Rxd4 e2+ 41.Ke1 Rxg2 42.Kd2 Rg1 43.Rd8+ Kf7
44.Ne5+ Ke7 45.Rd7+ Ke6 46.Nxf3 e1=Q+ 47.Nxe1 Kxd7 48.Nc2 Rg2+ 49.Kd3 Rxh2
50.a4 h5 51.a5 Rxc2 52.Kxc2 h4  0-1

[Event "RUS-ch"]
[Site "Elista"]
[Date "1995.??.??"]
[Round "2"]
[White "Krasenkow, Michal"]
[Black "Ruban, Vadim"]
[Result "1/2-1/2"]
[WhiteElo "2590"]
[BlackElo "2535"]

1.d4 Nf6 2.c4 e6 3.Nf3 d5 4.g3 Bb4+ 5.Bd2 Be7 6.Bg2 O-O 7.O-O c6 8.Qb3 b6
9.Bg5 Bb7 10.Nc3 Nbd7 11.Rfd1 h6 12.Bxf6 Nxf6 13.Ne5 Nd7 14.Nxd7 Qxd7 15.e4 Rfd8
16.Rac1 Bf6 17.cxd5 cxd5 18.e5 Be7 19.Bf1 Rdc8 20.h4 h5 21.Bb5 Qd8 22.Ne2 Rxc1
23.Rxc1 Rc8 24.Rd1 Bf8 25.Qf3 g6 26.Bd3 Bh6 27.Kg2 Kg7 28.Nf4 Qe7 29.Rh1 Rf8
30.g4 hxg4 31.Qxg4 Bxf4 32.Qxf4 Rh8 33.Be2 Bc6 34.h5 gxh5 35.Bxh5 Rh7 36.Kf3 Kf8
37.Ke3 Be8 38.a3 Qc7 39.Kd2 f5 40.Bf3 Rxh1 41.Bxh1 Ba4 42.Qh6+ Ke7 43.Qg7+ Kd8
44.Qf8+ Kd7 45.Qf7+ Kd8  1/2-1/2

[Event "RUS-ch"]
[Site "Elista"]
[Date "1995.??.??"]
[Round "3"]
[White "Aseev, Konstantin N"]
[Black "Krasenkow, Michal"]
[Result "0-1"]
[WhiteElo "2530"]
[BlackElo "2590"]

1.e4 c5 2.Nf3 Nc6 3.d4 cxd4 4.Nxd4 Nf6 5.Nc3 e5 6.Ndb5 d6 7.Bg5 a6 8.Na3 b5
9.Nd5 Be7 10.Bxf6 Bxf6 11.c3 Bg5 12.Nc2 Rb8 13.Bd3 O-O 14.O-O Be6 15.Nce3 Bxe3
16.Nxe3 Qb6 17.Bc2 b4 18.Bb3 bxc3 19.bxc3 Qc5 20.Rb1 Rb5 21.Qd3 Na5 22.Bxe6 fxe6
23.Rfd1 Rxb1 24.Rxb1 Qc6 25.Rb4 Rc8 26.g3 h6 27.Qd1 Nb7 28.Qb1 Nc5 29.f3 Qc7
30.Kg2 Kh7 31.c4 Qa5 32.Rb2 Rc7 33.Qc2 Nb7 34.Qd2 Qc5 35.Rb3 Na5 36.Rd3 Rd7
37.Qc3 Nc6 38.Qa3 Nb4 39.Rd2 a5 40.Rd1 Rb7 41.Rd2 Nc6 42.Qd3 Kg8 43.f4 exf4
44.gxf4 Rf7 45.f5 Qe5 46.Rf2 Nb4 47.Qb1 Qd4 48.fxe6 Rxf2+ 49.Kxf2 Qd2+ 50.Kf3 Nd3
51.Qg1 Ne5+ 52.Kg3 Qd3 53.Kf4 Qe2 54.Qg3 Nd3+  0-1

[Event "POL-chT"]
[Site "Lubniewice"]
[Date "1995.??.??"]
[Round "2"]
[White "Urban, Klaudiusz"]
[Black "Krasenkow, Michal"]
[Result "0-1"]
[WhiteElo "2470"]
[BlackElo "2590"]

1.d4 g6 2.c4 Bg7 3.Nc3 d6 4.e4 Nc6 5.Be3 e5 6.d5 Nce7 7.c5 f5 8.cxd6 cxd6
9.Bb5+ Kf8 10.f3 Bh6 11.Bxh6+ Nxh6 12.Qd2 Nf7 13.Nge2 Kg7 14.Bd3 Bd7 15.O-O-O Rb8
16.Kb1 b5 17.Rc1 Qb6 18.Nd1 f4 19.Rc2 g5 20.Nc1 Ng6 21.Qf2 Qxf2 22.Nxf2 Rbc8
23.Rd1 Rxc2 24.Kxc2 h5 25.h3 g4 26.hxg4 hxg4 27.Nxg4 Bxg4 28.fxg4 Ng5 29.Nb3 Rh2
30.Rd2 Nh4 31.Kc3 a5 32.a4 bxa4 33.Nxa5 Kf6 34.Nc4 Ke7 35.Kb4 Nxg2 36.Kxa4 f3
37.Ne3 Kf6 38.Nf5 Rh8 39.Nxd6 Ne1 40.Bb5 Rd8 41.Ne8+ Kf7 42.d6 Rxe8 43.Bxe8+ Kxe8
44.Rh2 Nxe4 45.Rh5 Nd3 46.Rf5 f2  0-1

[Event "POL-chT"]
[Site "Lubniewice"]
[Date "1995.??.??"]
[Round "3"]
[White "Krasenkow, Michal"]
[Black "Chekhov, Valery A"]
[Result "1/2-1/2"]
[WhiteElo "2590"]
[BlackElo "2500"]

1.d4 d5 2.Nf3 Nf6 3.c4 c6 4.Nc3 dxc4 5.a4 Bf5 6.e3 e6 7.Bxc4 Bb4 8.O-O Nbd7
9.Nh4 O-O 10.Nxf5 exf5 11.Qc2 g6 12.f3 Rc8 13.e4 c5 14.d5 Ne5 15.Ne2 fxe4
16.fxe4 Qd6 17.Bf4 Nh5 18.g3 Rfe8 19.Rad1 Re7 20.Nc1 Ba5 21.Be2 c4 22.Kh1 Nf6
23.Bxc4 g5 24.Bxe5 Rxe5 25.b3 Nxe4 26.Qg2 a6 27.Nd3 Re7 28.Nf2 Rce8 29.Nxe4 Rxe4
30.Qf3 R8e7 31.Qf6 Qxf6 32.Rxf6 Kg7 33.Rf5 R7e5 34.Rxe5 Rxe5 35.d6 Re1+ 36.Rxe1 Bxe1
37.d7 Ba5 38.Bd5 Bc7 39.Bxb7 a5 40.Be4 h5 41.Kg2 Kf6 42.Kf3 Ke6 43.Bc6 f5
44.Ke2 Ke7 45.Kd3 f4 46.gxf4 Bxf4 47.h3 g4 48.hxg4  1/2-1/2

[Event "POL-chT"]
[Site "Lubniewice"]
[Date "1995.??.??"]
[Round "4"]
[White "Bielczyk, Jacek"]
[Black "Krasenkow, Michal"]
[Result "0-1"]
[WhiteElo "2345"]
[BlackElo "2590"]

1.e4 c5 2.Nf3 e6 3.d4 cxd4 4.Nxd4 Nf6 5.Nc3 Nc6 6.Be2 Bb4 7.O-O Bxc3 8.bxc3 Nxe4
9.Bd3 Nc5 10.Qg4 g6 11.Bh6 Nxd3 12.cxd3 f6 13.Nb5 d6 14.Bg7 Rg8 15.Bxf6 Qxf6
16.Nc7+ Kd7 17.Nxa8 b5 18.Rab1 Ba6 19.Qh3 h5 20.Nb6+ axb6 21.Qe3 Rb8 22.a4 bxa4
23.Rxb6 Rxb6 24.Qxb6 Bc8 25.d4 Qf5 26.h3 Qc2 27.Qb5 Qb3 28.Qd3 Ne7 29.Rb1 Ba6
30.Qe4 Qd5 31.Qe1 a3 32.Qc1 a2 33.Rb4 Qa5  0-1